|
|
|
|
| LEADER |
00000naa2a2200000 4500 |
| 001 |
233630 |
| 005 |
20231031203612.0 |
| 035 |
|
|
|a (RuTPU)RU\TPU\book\254709
|
| 090 |
|
|
|a 233630
|
| 100 |
|
|
|a 20130306d1976 k y0rusy50 ca
|
| 101 |
0 |
|
|a rus
|
| 102 |
|
|
|a RU
|
| 200 |
1 |
|
|a Некоторые вопросы повышения эффективности управления вузом
|f И. П. Чучалин [и др.]
|
| 463 |
|
0 |
|0 (RuTPU)RU\TPU\book\254636
|t Системный подход к управлению учебно-воспитательным процессом ВУЗа
|f под ред. В. Н. Сагатобского
|v С. 5-17
|d 1976
|p 167 с.
|
| 610 |
1 |
|
|a труды учёных ТПУ
|
| 701 |
|
1 |
|a Чучалин
|b И. П.
|c физик
|c ректор Томского института автоматизированных систем управления и радиоэлектроники (ТИАСУР) с 1972 по 1981 гг.
|c ректор Томского политехнического института (ТПИ) с 1981 по 1990 гг.
|c выпускник ФТФ ТПИ 1951 г.
|f 1925-
|g Иван Петрович
|2 stltpush
|3 (RuTPU)RU\TPU\pers\11823
|
| 701 |
|
1 |
|a Новицкий
|b В. М.
|
| 701 |
|
1 |
|a Агранович
|b Б. Л.
|c специалист в области радиотехники
|c профессор Томского политехнического университета, кандидат технических наук
|f 1938-
|g Борис Львович
|2 stltpush
|3 (RuTPU)RU\TPU\pers\22706
|
| 701 |
|
1 |
|a Силич
|b В. А.
|c радиофизик
|c профессор Томского политехнического университета, доктор технических наук
|f 1946-
|g Виктор Алексеевич
|2 stltpush
|3 (RuTPU)RU\TPU\pers\18593
|
| 701 |
|
1 |
|a Ширяев
|b Б. А.
|
| 701 |
|
1 |
|a Кайгародов
|b В. Г.
|
| 701 |
|
1 |
|a Мартынов
|b Л. Н.
|
| 801 |
|
1 |
|a RU
|b 63413507
|c 20130306
|
| 801 |
|
2 |
|a RU
|b 63413507
|c 20220209
|g RCR
|
| 942 |
|
|
|c BK
|